Sangre en la piscina / (Registro nro. 8375)

Detalles MARC
000 -LIDER
fixed length control field 00571nam a22002177a 4500
001 - NÚMERO DE CONTROL
Identificador de número de control 0074
003 - IDENTIFICACDOR DE NÚMERO DE CONTROL
control field DO-SdBNP
005 - DATE AND TIME OF LATEST TRANSACTION
control field 20151013153623.0
007 - CAMPOS FIJOS DE DESCRIPCIÓN FÍSICA
fixed length control field 0074
008 - ELEMENTOS DE LONGITUD FIJA
fixed length control field 151013b sp 19uu xxu||||| |||| 00| 0 spa d
020 ## - ISBN
International Standard Book Number 9788427201385
040 ## - FUENTE DE CATALOGACIÓN
Agencia que crea de manera original el registro BPMSU
Idioma de catalogación spa
Agencia que realiza la transcripción BPMSU
092 ## - LOCALLY ASSIGNED DEWEY DECIMAL CALL NUMBER
Número de clasificación xxxxxxx
Número de ítem (Cutter) xxxxxxxx
100 10 - ASIENTO PRINCIPAL -- NOMBRE PERSONAL
Nombre personal Christie, Agatha
245 00 - MENCIÓN DE TITULO
Título Sangre en la piscina /
Mención de responsabilidad Agatha Christie
300 ## - DESCRIPCIÓN FÍSICA
Extensión 270 p. :
Dimensiones 17 cm.
490 10 - MENCIÓN DE SERIES
Mención de serie Selecciones de bibliotecaoro
Volume/sequential designation 138
830 00 - ASIENTO SECUNDARIO DE SERIE--TÍTULO UNIFORME
Título uniforme Selecciones de biblioteca oro
Número de la parte o sección de una obra 138
942 ## - ADDED ENTRY ELEMENTS (KOHA)
Source of classification or shelving scheme Dewey Decimal Classification
Koha item type Libros
956 ## - LOCAL ELECTRONIC LOCATION AND ACCESS (OCLC)
Nombre de host Brenda Tavárez
Existencias
Withdrawn status Lost status Source of classification or shelving scheme Damaged status Not for loan Collection code Home library Current library Date acquired Source of acquisition Total Checkouts Barcode Date last seen Price effective from Koha item type
    Dewey Decimal Classification       Biblioteca Pública Metropolitana Salomé Ureña Biblioteca Pública Metropolitana Salomé Ureña 10/13/2015 Donación   BPMSU15100098 10/13/2015 10/13/2015 Libros